000 00488nam a22001697a 4500
003 MACL
005 20160518130721.0
008 160518b xxu||||| |||| 00| 0 eng d
040 _cMACL
041 _aHindi
082 _a891.433
100 _aशर्मा, सुभाष
_951441
245 _aदुश्‍चक्र
_cसुभाष शर्मा
260 _aदिल्‍ली
_bराधाकृष्‍ण
_c1995
650 _aStories
_957905
942 _2ddc
_cHIN
999 _c54015
_d54015